| 000 | 01103nam a2200325 i 4500 | ||
|---|---|---|---|
| 001 | 11973 | ||
| 003 | KOSZ 005 | ||
| 005 | 20191214090756.0 | ||
| 008 | 080317s1967 pl |000 0 pol | ||
| 015 | _aPB 1967/9734 | ||
| 035 | _a(OCoLC)69482823 | ||
| 040 |
_aWA N _cWA N _dKOSZ 005/HR |
||
| 041 | 0 |
_apol _beng _brus |
|
| 046 | _k1967 | ||
| 080 | _a330.85 | ||
| 245 | 0 | 0 | _aWokół teorii ekonomicznych "Kapitału". |
| 260 |
_aWarszawa : _b"Książka i Wiedza", _c1967. |
||
| 300 |
_a414, [2] s. ; _c18 cm. |
||
| 380 | _aKsiążki. | ||
| 490 | 1 |
_aBiblioteka Studiów nad Marksizmem _v13. |
|
| 546 | _aStreszcz. ros., ang. | ||
| 600 | 1 | 4 |
_aMarx, Karl _d(1818-1883). _tKapital. |
| 650 | 4 |
_aMarksizm _xa ekonomia. |
|
| 658 | _aGospodarka, ekonomia, finanse | ||
| 650 | 4 | _aEkonomia | |
| 710 | 2 |
_aSpółdzielnia Wydawniczo-Handlowa "Książka i Wiedza" _4pbl. |
|
| 830 | 0 |
_aBiblioteka Studiów nad Marksizmem _v13. |
|
| 856 |
_uhttp://kohabib.tu.koszalin.pl/cgi-bin/koha/catalogue/detail.pl?biblionumber=11973 _yKatalog online BPK |
||
| 942 |
_2UKD _cKS |
||
| 999 |
_c11973 _d11973 |
||